Größte asiatische Stadt pro Buchstabe - Statistiken

Allgemein
  • Dieses Quiz wurde 52 mal gespielt
  • Das Durchschnittsergebnis liegt bei 13 aus 26
Antwortstatistiken
P Region Einwohner Stadt % Korrekt
T Ostasien 38.000.000 Tokio
91%
P Ostasien 20.380.000 Peking
88%
J Südostasien 10.330.000 Jakarta
84%
M Südasien 21.040.000 Mumbai
77%
S Ostasien 23.740.000 Shanghai
77%
D Südasien 25.700.000 Delhi
74%
O Ostasien 20.240.000 Osaka
70%
R Naher Osten 6.370.000 Riad
67%
G Ostasien 12.460.000 Guangzhou
60%
W Ostasien 7.910.000 Wuhan
58%
H Südostasien 9.300.000 Ho-Chi-Minh-Stadt
53%
X Ostasien 12.950.000 Xi’an
53%
C Ostasien 20.940.000 Chengdu
51%
B Südasien 13.190.000 Bangalore
49%
A Südasien 7.340.000 Ahmedabad
47%
I Naher Osten 4.960.000 Istanbul (Asiatischer Teil)
47%
L Südasien 8.740.000 Lahore
40%
K Südasien 16.620.000 Karatschi
37%
Q Ostasien 4.570.000 Qingdao
37%
N Ostasien 9.410.000 Nagoya
35%
U Ostasien 3.500.000 Ürümqi
33%
E Naher Osten 1.170.000 Erbil
26%
Y Südostasien 6.080.000 Yangon
21%
Z Ostasien 4.460.000 Zhengzhou
19%
F Ostasien 7.040.000 Foshan
14%
V Südasien 1.980.000 Vadodara
7%
Keine übereinstimmenden Quizze gefunden
Verteilung der Resultate
Anzahl Personen mit jedem Resultat
Perzentil nach korrekt beantworteten Fragen
Ihre Resultats-Entwicklung
Sie haben dieses Quiz noch nicht gespielt